00300nam a2200109Ia 4500008004100000082000800041100001800049245003500067260001800102630003500120730003500155100328s9999 xx 000 0 und d b309 aPetersen Nis aThe Street Of The Sandalmakers bLovat Dickson aThe Street Of The Sandalmakers aThe Street Of The Sandalmakers